000 00699 a2200193 4500
020 _a9810224621
035 _a7803737
040 _aDLC
_bEnglish
082 _a519.4
100 1 0 _aMiller, John J. H.
245 1 0 _aFitted numerical methods for singular perturbation problems : error estimates in the maximum norm for linear problems in one and two dimensions
_c/ J.J.H. Miller, E. O'Riordan, G.I. Shishkin.
260 _aSingapore
_b: World Scientific
_c, c1996.
300 _axiv, 166 p.
_b: ill.
_c; 23 cm.
650 0 _aDifferential equations
_xNumerical solutions.
650 0 _aPerturbation (Mathematics)
700 1 0 _aO'Riordan, E
700 1 0 _aShishkin, G. I.
942 _cBK
_k519.4 MIL
_2ddc
999 _c7729
_d7729